=LDR 00000nam 2200000 4500 =001 000865 =005 20250712095104 =035 ##$$a 0010-0725000743 =007 ta =008 250712################a##########0#ind## =020 ##$$a 978-623-472-698-5 =082 ##$$a 398.209 598 =084 ##$$a 398.209 598 RIJ b =100 #$$a rijsdijk nicola =245 1#$$a Bibit kecil : $b kisah Wangari maathai /$c nicola rijsdijk =250 ##$$a Pertama =260 ##$$a Jakarta :$b Badan pengembangan dan pembinaan,$c 2002 =300 ##$$a 28HLM. : $b ilus. ; $c 22,9 cm =650 #4$$a Cerita anak Indonesia terjemahan =650 #4$$a Literasi bahan bacaan =700 #$$a maya marshak =990 ##$$a TBM202400785